Návrh postupu realizácie systému riadenia kvality podľa ISO 9001 vo firme KRAINTEK, s.r.o. : Diplomová práca

Enregistré dans:
Détails bibliographiques
Auteur principal: Gubric, Juraj (Auteur)
Autres auteurs: Molnár, Pavol (xxx)
Format: Manuscrit Livre
Langue:slovaque
Publié: Trnava : STU v Bratislave MtF KMK, 1999
Sujets:
Tags: Ajouter un tag
Pas de tags, Soyez le premier à ajouter un tag!

MARC

LEADER 00000ntm a22000003a 4500
001 stu53061
005 20160719155223.1
008 000407s1999----xo------------------slo-d
040 |a STU  |b slo 
041 0 |a slo 
044 |a xo 
100 1 |a Gubric, Juraj  |4 aut 
245 1 |a Návrh postupu realizácie systému riadenia kvality podľa ISO 9001 vo firme KRAINTEK, s.r.o. :  |b Diplomová práca 
260 |a Trnava :  |b STU v Bratislave MtF KMK,  |c 1999 
300 |a 60 s  |c výťah 
650 7 |a riadenie kvality  |2 stusub 
650 7 |a kvalita-riadenie  |2 stusub 
700 1 |a Molnár, Pavol  |4 xxx